Para quitar preocupaciones : (Record no. 197908)
[ view plain ]
| 000 -LEADER | |
|---|---|
| campo de control de longitud fija | 01360nam a2200361 i 4500 |
| 001 - NÚMERO DE CONTROL | |
| campo de control | 197908 |
| 003 - IDENTIFICADOR DE NÚMERO DE CONTROL | |
| campo de control | ES-MaACL |
| 005 - FECHA Y HORA DE LA ÚLTIMA TRANSACCIÓN | |
| campo de control | 20251105063139.0 |
| 008 - DATOS DE LONGITUD FIJA--INFORMACIÓN GENERAL | |
| campo de control de longitud fija | 250611e1950 sp a|||| |||| 001 1 spa d |
| 040 ## - FUENTE DE CATALOGACIÓN | |
| Centro catalogador/agencia de origen | ES-MaACL |
| Lengua de catalogación | spa |
| Centro/agencia transcriptor | ES-MaACL |
| Normas de descripción | rda |
| 080 ## - NÚMERO DE LA CLASIFICACIÓN DECIMAL UNIVERSAL | |
| Número de la Clasificación Decimal Universal | 616.891.6 |
| 080 ## - NÚMERO DE LA CLASIFICACIÓN DECIMAL UNIVERSAL | |
| Número de la Clasificación Decimal Universal | 159.923.2 |
| 100 1# - ENTRADA PRINCIPAL--NOMBRE DE PERSONA | |
| Nombre de persona | Martínez, José Julio |
| 9 (RLIN) | 242447 |
| 240 00 - TÍTULO UNIFORME | |
| Título uniforme | How to stop worring and start living. |
| Lenguaje de la obra | Español |
| 245 10 - MENCIÓN DEL TÍTULO | |
| Título | Para quitar preocupaciones : |
| Resto del título | éste es el libro HOW TO STOP WORRING AND START LIVING, compuesto por Dale Cornegie / |
| Mención de responsabilidad, etc. | condensado y adaptado al lector español por el P. José Julio Martínez, S.J. |
| 264 #1 - PRODUCCIÓN, PUBLICACIÓN, DISTRIBUCIÓN, FABRICACIÓN Y COPYRIGHT | |
| Producción, publicación, distribución, fabricación y copyright | Bilbao : |
| Nombre del de productor, editor, distribuidor, fabricante | El Mensajero del Corazón de Jesús, |
| Fecha de producción, publicación, distribución, fabricación o copyright | 1952 |
| 300 ## - DESCRIPCIÓN FÍSICA | |
| Extensión | 63 páginas : |
| Otras características físicas | ilustraciones ; |
| Dimensiones | 17 cm. |
| 336 ## - TIPO DE CONTENIDO | |
| Fuente | rdacontent |
| Término de tipo de contenido | texto |
| 337 ## - TIPO DE MEDIO | |
| Fuente | rdamedia |
| Nombre/término del tipo de medio | sin mediación |
| 338 ## - TIPO DE SOPORTE | |
| Fuente | rdacarrier |
| Nombre/término del tipo de soporte | volumen |
| 490 0# - MENCIÓN DE SERIE | |
| Mención de serie | De broma y de veras ; |
| Designación de volumen o secuencia | número 478 |
| 500 ## - NOTA GENERAL | |
| Nota general | Índice |
| 650 #4 - PUNTO DE ACCESO ADICIONAL DE MATERIA--TÉRMINO DE MATERIA | |
| 9 (RLIN) | 154650 |
| Término de materia o nombre geográfico como elemento de entrada | Ansiedad |
| 650 #4 - PUNTO DE ACCESO ADICIONAL DE MATERIA--TÉRMINO DE MATERIA | |
| 9 (RLIN) | 10421 |
| Término de materia o nombre geográfico como elemento de entrada | Autoayuda |
| 700 1# - ENTRADA AGREGADA--NOMBRE PERSONAL | |
| 9 (RLIN) | 242446 |
| Nombre de persona | Cornegie, Dale |
| 852 ## - LOCALIZACIÓN | |
| Ubicación | ES-MaACL |
| Ubicación en estantería | Depósito 1 |
| Número de control de estantería | A-15601(4) |
| Donativo/Legado | Donación: José Lázaro García |
| Encuadernación | Holandesa |
| itemnumber | 206873 |
| 903 ## - NOMBRE PERSONAL DE DONANTE | |
| 9 | 234219 |
| a | Lázaro García, José |
| e | Donante |
| 942 ## - ELEMENTOS DE ENTRADA SECUNDARIOS (KOHA) | |
| Suprimir en OPAC | No |
| Tipo de ítem Koha | Libro impreso |
| Estatus retirado | Estado de pérdida | Fuente del sistema de clasificación o colocación | Estado de daño | No para préstamo | Biblioteca de origen | Biblioteca actual | Ubicación en estantería | Fecha de adquisición | Fuente de adquisición | Total de préstamos | Signatura topográfica completa | Código de barras | Visto por última vez | Precio de reemplazo | Tipo de ítem Koha |
|---|---|---|---|---|---|---|---|---|---|---|---|---|---|---|---|
| Clasificación decimal universal | Biblioteca del Ateneo de Madrid | Biblioteca del Ateneo de Madrid | Depósito 1 | 27/05/2025 | Donación | A-15601(5) | 2025-1238 | 29/10/2025 | 29/10/2025 | Libro impreso |
